Art-Price Annual (Record no. 4138)

MARC details
000 -CABECERA
campo de control de longitud fija 00751nam a2200241 a 4500
001 - NÚMERO DE CONTROL
campo de control BRCA_4429
005 - FECHA Y HORA DE LA ÚLTIMA TRANSACCIÓN
campo de control 20190320204652.0
008 - DATOS DE LONGITUD FIJA--INFORMACIÓN GENERAL
campo de control de longitud fija 200810s1955----enka######---#000-0#eng-#
041 ## - CÓDIGO DE LENGUA
Código de lengua del texto/banda sonora o título independiente eng
044 ## - CÓDIGO DEL PAÍS DE LA ENTIDAD EDITORA/PRODUCTORA
Código MARC del país enk
050 #4 - SIGNATURA TOPOGRÁFICA DE LA BIBLIOTECA DEL CONGRESO
Número de clasificación N8670
Número de documento/Ítem .A78 3 1955
245 10 - MENCIÓN DE TÍTULO
Título Art-Price Annual
Resto del título 1954-1955 : volume X.
260 ## - PUBLICACIÓN, DISTRIBUCIÓN, ETC.
Lugar de publicación, distribución, etc. Londres
Nombre del editor, distribuidor, etc. Art & Technology
Fecha de publicación, distribución, etc. 1955
300 ## - DESCRIPCIÓN FÍSICA
Extensión 432 p. (v.10)
Otras características físicas il.
Dimensiones 21 cm.
500 ## - NOTA GENERAL
Nota general Incluye abreviaturas de los autores de la obra, listas y bibliografía
500 ## - NOTA GENERAL
Nota general Nueva serie: 1 julio, 1954 - 30 junio, 1955
500 ## - NOTA GENERAL
Nota general Estado físico: carece de camisa
500 ## - NOTA GENERAL
Nota general Ver también AM44 (v.17), DD30 (v.15) y X87 (v.14)
500 ## - NOTA GENERAL
Nota general U74
650 14 - PUNTO DE ACCESO ADICIONAL DE MATERIA--TÉRMINO DE MATERIA
Término de materia o nombre geográfico como elemento de entrada Arte
Subdivisión de forma Precios
Subdivisión geográfica Londres
9 (RLIN) 10910
902 ## - CATALOGADOR
Iniciales GFM
942 ## - ELEMENTOS DE PUNTO DE ACCESO ADICIONAL (KOHA)
Fuente del sistema de clasificación o colocación Library of Congress Classification
Tipo de ítem Koha Libros
Holdings
Estado de retiro Estado de pérdida Estado dañado No para préstamo Localización permanente Ubicación/localización actual Fecha de adquisición Número de inventario Total de préstamos Signatura topográfica completa Código de barras Fecha visto por última vez Precio válido a partir de Tipo de ítem Koha
El ejemplar forma parte de la colección y puede ser consultado según las políticas vigentes.       Biblioteca del Museo Franz Mayer (Rogerio Casas-Alatriste) Biblioteca del Museo Franz Mayer (Rogerio Casas-Alatriste) 20/08/2010 U74   N8670 .A78 3 1955 (U74) 4426 22/03/2019 22/03/2019 Libros